000
00259nas a2200121Ia 4500
008
230918c99999999xx |||||||||||| ||und||
040
_a
MAIN
041
_a
English
245
0
_a
Indian Archives
260
_b
India Archives
500
_a
India
942
_c
BV
999
_c
233522
_d
233522